| 000 | 00586nam a22002057a 4500 | ||
|---|---|---|---|
| 003 | OSt | ||
| 005 | 20140310181734.0 | ||
| 008 | 130319t xxu||||| |||| 00| 0 eng d | ||
| 020 | _a0324422717 | ||
| 050 |
_aHD 58.8 _b.D124 2007 |
||
| 082 |
_aTR 658 _bD13 2007 |
||
| 245 |
_aUnderstanding the theory and design of organizations : _cRichard L. Daft. |
||
| 250 | _aInternational student ed. | ||
| 260 |
_aAustralia _bThomson/South-Western _cc2007. |
||
| 300 |
_axviii, 533 p. _bcol. ill. _c25 cm. |
||
| 521 | _ateachers | ||
| 541 | _j1 | ||
| 562 | _e1 | ||
| 942 |
_2lcc _cBK-TR _kTR |
||
| 999 |
_c2510 _d2510 |
||